LEADER 00900nam a2200229 i 4500 001 000000154070 003 CaOOAMICUS 005 20061009000000.0 008 061009s1907 gw u000 u ger u 013 $a131416 040 $aSeMil$bita 100 1 $aSpringer, Anton.$0(OLS)http://semarc/name/6294 245 10$a1: Das Altertum /$cbearbeitet von Adolf Michaelis. 250 $a8. Aufl. 300 $aX, 497 p., 12 c. di tav. :$bricc. ill. 650 4$aArte antica - Enciclopedie e dizionari.$0(OLS)http://semarc/subject/700 700 1 $aMichaelis, Adolf.$0(OLS)http://semarc/name/60279 773 0 $aSpringer, Anton$tHandbuch der Kunstgeschichte.$dLeipzig : Seemann, 1907-1909.$gBand1$w()13790 850 $aSeMil 852 $aSeMil$W1$xVenegono$y1$m5M IX 78$j105933$B105933$CSeMilBibl$Z2$F115159 $8I 961 $aRecupero: Altro 996 $6245$a1: Das Altertum$9(OLS)http://semarc/title/225435 LEADER 01148nam a2200241 i 4500 001 000000065093 003 CaOOAMICUS 005 20190830153750.0 008 130509s1966 xx u000 u fre u 013 $a36265 040 $aSeMil$bita 100 1 $aKasser, Rodolphe.$0(OLS)http://semarc/name/9953 245 12$aL'Évangile selon Saint Jean et les versions coptes de la Bible /$cRodolphe Kasser. 260 $aNeuchatel (Suisse) :$bDelachaux et Niestlé,$ccopyr. 1966. 300 $a318 p. ;$c23 cm. 490 0 $aBibliothèque théologique [Delachaux & Niestlé] 650 4$aBibbia. Nuovo Testamento. Vangelo secondo Giovanni - Commentari, studi, critica, interpretazioni.$0(OLS)http://semarc/subject/119 830 0$aBibliothèque théologique.$0(OLS)http://semarc/title/425569 850 $aSeMil 852 $aSeMil$W1$xVenegono$y1$m2K VII 132$j210594$B31246$CSeMilBibl$Z2$F31249 $81 996 $6245$aL'Évangile selon Saint Jean et les versions coptes de la Bible$9(OLS)http://semarc/title/103264 996 $6260$aNeuchatel (Suisse) :$bDelachaux et Niestlé$9(OLS)http://semarc/publisher/30796